000 00294cam a2200109ua 4500
082 _a920
_bMAR/PO
100 _aMarrar, T.R.K .
_91644
245 0 0 _aPortraits : A Selection of Biographical Sketches /
260 _aChennai :
_bThe National Publishing Co ,
_c1969.
300 _a120 ; .
942 _cBK
999 _c795
_d795